书目信息 |
| 题名: |
道路桥梁工程质量通病防治手册
|
|
| 作者: | 黄兴安 主编 | |
| 分册: | ||
| 出版信息: | 北京 中国建筑工业出版社 2002.06 |
|
| 页数: | 419页 | |
| 开本: | 26cm | |
| 丛书名: | 道路桥梁工程系列丛书 | |
| 单 册: | ||
| 中图分类: | U4-62 | |
| 科图分类: | ||
| 主题词: | 道路工程--工程质量--质量控制--手册 | |
| 电子资源: | ||
| ISBN: | 7-112-05009-X | |
| 000 | 00712nam0 2200217 450 | |
| 001 | 0643172827 | |
| 005 | 20061011102249.64 | |
| 010 | @a7-112-05009-X@dCNY 49.00 | |
| 100 | @a20060831d2002 km y0chiy0120 ea | |
| 101 | 0 | @achi |
| 102 | @aCN@b110000 | |
| 200 | 1 | @a道路桥梁工程质量通病防治手册@Adao lu qiao liang gong cheng zhi liang tong bing fang zhi shou ce@f黄兴安主编@Fhuang xing an zhu bian |
| 210 | @a北京@c中国建筑工业出版社@d2002.06 | |
| 215 | @a419页@d26cm | |
| 225 | 2 | @a道路桥梁工程系列丛书 |
| 410 | 0 | @12001 @a道路桥梁工程系列丛书 |
| 606 | 0 | @a道路工程@x工程质量@x质量控制@x手册 |
| 690 | @aU4-62@v4 | |
| 701 | 0 | @a黄兴安@Ahuang xing an@4主编 |
| 801 | @aCN@c20061011 | |
| 905 | @apdsgxy@dU4-62@eH900 | |
| 道路桥梁工程质量通病防治手册/黄兴安主编.-北京:中国建筑工业出版社,2002.06 |
| 419页;26cm.-(道路桥梁工程系列丛书) |
| ISBN 7-112-05009-X:CNY 49.00 |
| ● |
| 相关链接 |
|
|
|
正题名:道路桥梁工程质量通病防治手册
索取号:U4-62/H900
 
预约/预借
| 序号 | 登录号 | 条形码 | 馆藏地/架位号 | 状态 | 备注 |
| 1 | 610179 | 206101797 | 自科库501/501自科库 50排5列4层/ [索取号:U4-62/H900] | 在馆 | |
| 2 | 610180 | 206101804 | 自科库501/501自科库 50排5列4层/ [索取号:U4-62/H900] | 在馆 | |
| 3 | 610181 | 206101813 | 自科库501/501自科库 50排5列4层/ [索取号:U4-62/H900] | 在馆 | |
| 4 | 610182 | 206101822 | 自科库501/501自科库 50排5列4层/ [索取号:U4-62/H900] | 在馆 | |
| 5 | 610183 | 206101831 | 自科库501/501自科库 50排5列4层/ [索取号:U4-62/H900] | 在馆 |